000 00935cam a22001814a 4500
005 20250605164356.0
008 250528s ||||||||||||||||||||||||d
035 _a24342
040 _aGR-AtMCL
_bgre
_dGR-AtMCL
_eAACR2
245 1 _aΗ Αγκαλιά / Σύλλογος Προστασίας Αγέννητου Παιδιού
260 _bΣύλλογος Προστασίας Αγέννητου Παιδιού - Η Αγκαλιά,
_c2018
300 _a34
520 _aΟι Δραστηριότητες της Αγκαλιάς, Η Προσφορά της Αγκαλιάς, Ιστορίες Ζωής, Υγεία και Επιστήμη: Πρόληψη του Γυναικολογικού Καρκίνου, Μάνα - Μητέρα - Μαμά: Ο Πρωταγωνιστικός Ρόλος της Γυναίκας.
700 1 _aΜεταλληνού Βαρβάρα
_99450
942 _cCR
999 _c9230
_d9230